Pintores figurativos en la España actual (Record no. 103320)

MARC details
000 -LEADER
campo de control de longitud fija 01158nam a2200265 i 4500
001 - NÚMERO DE CONTROL
campo de control 103320
003 - IDENTIFICADOR DE NÚMERO DE CONTROL
campo de control ES-MaACL
005 - FECHA Y HORA DE LA ÚLTIMA TRANSACCIÓN
campo de control 20251218175058.0
007 - CAMPO FIJO DE DESCRIPCIÓN FÍSICA--INFORMACIÓN GENERAL
campo de control de longitud fija t|
008 - DATOS DE LONGITUD FIJA--INFORMACIÓN GENERAL
campo de control de longitud fija 060220s1969 sp |||| | spa d
080 ## - NÚMERO DE LA CLASIFICACIÓN DECIMAL UNIVERSAL
Número de la Clasificación Decimal Universal 75.036(460)(083.82)
111 0# - ENTRADA PRINCIPAL--NOMBRE DE CONGRESO/REUNIÓN
Nombre de congreso/reunión o jurisdicción como elemento de entrada Exposición de Pintores Figurativos en la España Actual
Fecha del congreso o de la firma del tratado (1969.
Sede del congreso/Lugar de la reunión Madrid)
9 (RLIN) 680
245 10 - MENCIÓN DEL TÍTULO
Título Pintores figurativos en la España actual
Resto del título : [exposición, Palacio de Congresos y Exposiciones del Ministerio de Información y Turismo, y posteriormente San Diego (California) y San Luis (Missouri), año 1969] /
Mención de responsabilidad, etc. [texto, Carlos Areán].
260 ## - PUBLICACIÓN, DISTRIBUCIÓN, ETC.
Lugar de publicación, distribución, etc. [Madrid :
Nombre del editor, distribuidor, etc. Publicaciones Españolas,
Fecha de publicación, distribución, etc. 1969]
300 ## - DESCRIPCIÓN FÍSICA
Extensión [16] p. ;
Dimensiones 28 cm.
490 1# - MENCIÓN DE SERIE
Mención de serie Cuadernos de arte. Colección ordinaria ;
Designación de volumen o secuencia 258, separata
650 #4 - PUNTO DE ACCESO ADICIONAL DE MATERIA--TÉRMINO DE MATERIA
Término de materia o nombre geográfico como elemento de entrada Pintura figurativa-
Subdivisión geográfica España-
Subdivisión de forma Exposiciones.
9 (RLIN) 173503
650 #4 - PUNTO DE ACCESO ADICIONAL DE MATERIA--TÉRMINO DE MATERIA
Término de materia o nombre geográfico como elemento de entrada Pintura española-
Subdivisión cronológica S.XX-
Subdivisión de forma Exposiciones.
9 (RLIN) 16043
655 #7 - TERMINO DE INDIZACIÓN--GENERO/FORMA
Fuente del término tgfbne
9 (RLIN) 193628
Datos o término principal de género/forma Catálogos de exposiciones
700 1# - ENTRADA AGREGADA--NOMBRE PERSONAL
Nombre de persona Areán, Carlos,
Fechas asociadas al nombre 1921-1996
9 (RLIN) 22562
830 1# - PUNTO DE ACCESO ADICIONAL DE SERIE-TÍTULO UNIFORME
Título uniforme Cuadernos de arte. Colección ordinaria
Designación de volumen o secuencia 258, separata
9 (RLIN) 180064
852 ## - LOCALIZACIÓN
Ubicación ES-MaACL
Número de control de estantería 2202-F-22
942 ## - ELEMENTOS DE ENTRADA SECUNDARIOS (KOHA)
Fuente del sistema de clasificación o colocación Clasificación decimal universal
Holdings
Estatus retirado Estado de pérdida Estado de daño No para préstamo Colección Biblioteca de origen Biblioteca actual Ubicación en estantería Fecha de adquisición Fuente de adquisición Total de préstamos Signatura topográfica completa Código de barras Visto por última vez Precio de reemplazo Tipo de ítem Koha
        Colección de folletos Biblioteca del Ateneo de Madrid Biblioteca del Ateneo de Madrid Depósito folletos 17/01/2008     2202-F-22 1107886 23/02/2023 23/02/2023 Folleto